000 00446nam a2200169Ia 4500
003 LK-CoDNM
008 010623t2011 xxu||||| |||| 00| 1 sin d
040 _aLK-CoDNM
_dLK-CoDNM
_eLK-CoDNM
041 _asin
080 _a025
_bRAJ
100 _aRajakarunanayaka,Sunethra
245 _aඅසිරිමත් කියවීම
246 _aAsirimath Kiyaweema
260 _bRavaya
_aMaharagama
_c2011
300 _b113, 21 cm
942 _cBK
999 _c130825
_d130825